Coming Out.

Examines the creation, context, and significance of the first and only East German feature film about homosexuality.

Bibliographic Details
Main Author: Frackman, Kyle.
Format: eBook
Language:English
Published: Rochester : Boydell & Brewer, Incorporated, 2022.
Edition:1st ed.
Series:Camden House German Film Classics Series
Subjects:
Online Access:Click to View
LEADER 01731nam a22003973i 4500
001 EBC7009930
003 MiAaPQ
005 20231204023225.0
006 m o d |
007 cr cnu||||||||
008 231204s2022 xx o ||||0 eng d
020 |a 9781800103023  |q (electronic bk.) 
035 |a (MiAaPQ)EBC7009930 
035 |a (Au-PeEL)EBL7009930 
035 |a (OCoLC)1328134716 
040 |a MiAaPQ  |b eng  |e rda  |e pn  |c MiAaPQ  |d MiAaPQ 
082 0 |a 791.4372 
100 1 |a Frackman, Kyle. 
245 1 0 |a Coming Out. 
250 |a 1st ed. 
264 1 |a Rochester :  |b Boydell & Brewer, Incorporated,  |c 2022. 
264 4 |c Ã2022. 
300 |a 1 online resource (130 pages) 
336 |a text  |b txt  |2 rdacontent 
337 |a computer  |b c  |2 rdamedia 
338 |a online resource  |b cr  |2 rdacarrier 
490 1 |a Camden House German Film Classics Series ;  |v v.9 
505 0 |a Intro -- Coming Out -- German Film Classics -- Coming Out -- Copyright -- Acknowledgments -- Coming Out -- Credits. 
520 |a Examines the creation, context, and significance of the first and only East German feature film about homosexuality. 
588 |a Description based on publisher supplied metadata and other sources. 
590 |a Electronic reproduction. Ann Arbor, Michigan : ProQuest Ebook Central, 2023. Available via World Wide Web. Access may be limited to ProQuest Ebook Central affiliated libraries.  
655 4 |a Electronic books. 
776 0 8 |i Print version:  |a Frackman, Kyle  |t Coming Out  |d Rochester : Boydell & Brewer, Incorporated,c2022 
797 2 |a ProQuest (Firm) 
830 0 |a Camden House German Film Classics Series 
856 4 0 |u https://ebookcentral.proquest.com/lib/matrademy/detail.action?docID=7009930  |z Click to View